000 00430nam a2200157Ia 4500
003 GCL
008 140319s9999 xx 000 0 eng d
040 _aGCL /
_cGCL
082 0 4 _a306.3
_bR C
100 1 _aRICH, CHRIS
245 1 0 _aCONSUMER BEHAVIOUR: BEHAVIOURAL ASPECTS OF MARKETING /
_cRICH, CHRIS
260 _a[S.N] :
_bBUTTERWORTH HEINEMANN ،
_c1994
300 _a414 P
650 0 4 _aCONSUMER BEHAVIOR
942 _2ddc
_cBK
999 _c10552
_d10552